00374nam a2200145Ia 4500003000400000005001700004008004100021040000700062041000800069082001900077100002200096245006200118260004000180365000800220OSt20230628110903.0210423s9999 xx 000 0 und d cAL aeng a370 223bSARM aSARASWATHI (L S). aCase study of non formal education centre at thmaraipadi. bState Resource CentreaKeralac2002 cINR